Evaluación de la gestión del aprendizaje en los centros educativos del nivel medio modalidad general, zona urbana en el distrito educativo 16-01, Cotuí, provincia Sánchez Ramírez, año 2011 / Lucia Francisca Santos, Delfina Bautista Mendoza y Yulisa Morel. ; asesor Melania Mirambeaux Cassó (Registro nro. 11245)

Detalles MARC
000 -LEADER
fixed length control field 01355nam a22002651a 4500
001 - CONTROL NUMBER
control field 11245
003 - CONTROL NUMBER IDENTIFIER
control field OSt
005 - DATE AND TIME OF LATEST TRANSACTION
control field 20260204212234.0
008 - FIXED-LENGTH DATA ELEMENTS--GENERAL INFORMATION
fixed length control field 120120s2011||||dr ||||||b||||||||||spa||
090 ## - LOCALLY ASSIGNED LC-TYPE CALL NUMBER (OCLC); LOCAL CALL NUMBER (RLIN)
Classification number (OCLC) (R) ; Classification number, CALL (RLIN) (NR) M-OR 2011 S15
100 1# - ASIENTO PRINCIPAL -- NOMBRE PERSONAL
Personal name Santos, Lucia Francisca
Relator term sustentante
245 1# - TÍTULO PROPIAMENTE DICHO: SUBTÍTULO
Title Evaluación de la gestión del aprendizaje en los centros educativos del nivel medio modalidad general, zona urbana en el distrito educativo 16-01, Cotuí, provincia Sánchez Ramírez, año 2011 / Lucia Francisca Santos, Delfina Bautista Mendoza y Yulisa Morel. ; asesor Melania Mirambeaux Cassó
260 ## - PUBLICATION, DISTRIBUTION, ETC.
Place of publication, distribution, etc. Cotuí, República Dominicana :
Name of publisher, distributor, etc. UTECO,
Date of publication, distribution, etc. 2011
300 ## - PHYSICAL DESCRIPTION
Extensión 112 hojas :
Other physical details Ilustraciones ;
Dimensions 28cm.
502 ## - THESIS NOTE
Dissertation note Trabajo de grado (Licenciatura en Educación, Mención Orientación Escolar)--Universidad Tecnológica del Cibao Oriental, 2011
504 ## - BIBLIOGRAPHY, ETC. NOTE
Bibliography, etc. note Incluye referencia bibliográfica e índice<br/>
650 #4 - ASIENTO SECUNDARIO DE MATERIA -- TERMINO TOPICO
Asiento secundario de materia Evaluación de la gestión del aprendizaje en los centros educativos
700 1# - ASIENTO SECUNDARIO -- NOMBRE PERSONAL
Personal name Bautista Mendoza, Delfina
Relator term sustentante
700 1# - ASIENTO SECUNDARIO -- NOMBRE PERSONAL
Personal name Morel, Yulisa
Relator term sustentante
700 1# - ASIENTO SECUNDARIO -- NOMBRE PERSONAL
Personal name Francisco Cuevas, Johanna
Relator term sustentante
700 1# - ASIENTO SECUNDARIO -- NOMBRE PERSONAL
Personal name Vásquez Peña, Elersida
Relator term sustentante
700 1# - ASIENTO SECUNDARIO -- NOMBRE PERSONAL
Personal name Mirambeaux Cassó, Melania
Relator term asesor
830 ## - ASIENTO SECUNDARIO DE SERIE - TÍTULO UNIFORME
Uniform title Tesis y disertaciones académicas (Universidad Tecnológica del Cibao Oriental)
942 ## - ADDED ENTRY ELEMENTS (KOHA)
Source of classification or shelving scheme Clasificación Local
Koha item type Tesis
Existencias
Withdrawn status Lost status Source of classification or shelving scheme Damaged status Not for loan Collection code Home library Current library Shelving location Date acquired Inventory number Total Checkouts Full call number Barcode Date last seen Copy number Price effective from Koha item type
    Clasificación Local   Préstamo Interno Trabajos de Grado e Investigación   Biblioteca UTECO En Estantería 09/09/2019 ET-2011-001   M-OR 2011 S15 ET-2011-001 09/09/2019 Ej.1 09/09/2019 Tesis
© 2021 Derechos Reservados UTECO - Teléfono: +1 809-585-2291 - Correo electrónico: biblioteca@uteco.edu.do​  
Código postal 43000 ​​
Dirección: Avenida Universitaria No. 100, 
Cotuí, Provincia Sánchez Ramírez, República Dominicana - RNC: 404-00059-6